Hızlı Yazma - Türk Alfabesi - Statistics

General Stats
  • This quiz has been taken 56 030 times
  • The average score is 14 of 29
Answer Stats
Harfler % Correct
A
100%
B
97%
C
95%
Ç
80%
D
76%
E
74%
F
72%
G
71%
Ğ
59%
H
54%
I
51%
İ
48%
J
43%
K
42%
L
41%
M
40%
N
38%
O
36%
Ö
32%
P
30%
R
29%
S
27%
Ş
23%
T
22%
U
19%
Ü
17%
V
15%
Y
14%
Z
13%
No matching quizzes found
Score Distribution
Percent of People with Each Score
Percentile by Number Answered
Your Score History
You have not taken this quiz